[Event "Titled Tuesday intern op 23rd Apr Late"]
[Site "Chess.com INT"]
[Date "2024.04.23"]
[Round "7"]
[White "Perske, Thore"]
[Black "Hacker, Jonas"]
[Result "1-0"]
[WhiteElo "2450"]
[BlackElo "2394"]
[PlyCount "73"]
[EventDate "2024.04.23"]
[EventType "swiss (blitz)"]
[EventRounds "11"]
[EventCountry "USA"]
[SourceTitle "CB18_2024"]
[SourceDate "2024.05.01"]
[SourceVersion "1"]
[SourceVersionDate "2024.05.01"]
[SourceQuality "2"]

1. e4 e5 2. Nf3 Nc6 3. Bc4 Nf6 4. d3 Be7 5. Nbd2 d6 6. c3 0-0 7. Bb3 a5 8. Nf1 Bd7 9. Ng3 b5 10. a4 b4 11. h3 Rb8 12. 0-0 Qc8 13. Kh2 Qb7 14. Bc4 Nd8 15. Qe2 c5 16. Nh4 Nxe4 17. Nxe4 Bxh4 18. Nxd6 Qc7 19. Ne4 Be6 20. Bb5 Be7 21. Ng5 Bxg5 22. Bxg5 f6 23. Be3 Nf7 24. Kg1 Nd6 25. c4 Nf5 26. Rae1 Rbd8 27. f4 Bf7 28. fxe5 Nxe3 29. Qxe3 fxe5 30. Qxe5 Qc8 31. Re3 Kh8 32. Ref3 Bg6 33. Rxf8+ Rxf8 34. Rxf8+ Qxf8 35. d4 cxd4 36. Qxd4 h6 37. c5 1-0

[Event "Budapest SixDays 01 IM-A"]
[Site "Budapest"]
[Date "2024.01.28"]
[Round "3"]
[White "Balla, Tamas Kristof"]
[Black "Hacker, Jonas"]
[Result "1-0"]
[WhiteElo "2283"]
[BlackElo "2420"]
[PlyCount "85"]
[EventDate "2024.01.27"]
[EventType "tourn"]
[EventRounds "9"]
[EventCountry "HUN"]
[SourceTitle "CB06_2024"]
[SourceDate "2024.02.07"]
[SourceVersion "1"]
[SourceVersionDate "2024.02.07"]
[SourceQuality "1"]

1. Nf3 d5 2. b3 Bg4 3. Bb2 Nd7 4. e3 Ngf6 5. d3 e6 6. Nbd2 Bb4 7. a3 Bxf3 8. gxf3 Bd6 9. f4 0-0 10. Nf3 c5 11. Bg2 Qc7 12. c4 e5 13. fxe5 Nxe5 14. cxd5 Nxd5 15. Qc2 Nf6 16. Nxe5 Bxe5 17. d4 cxd4 18. Qxc7 Bxc7 19. Bxd4 Rfd8 20. Ke2 Nd5 21. Rhd1 Rab8 22. Bxd5 Rxd5 23. Bxa7 Rxd1 24. Rxd1 Ra8 25. Rd7 Rc8 26. Bd4 h5 27. h3 Kf8 28. Bc5+ Kg8 29. Be7 Kh7 30. Rd5 Re8 31. Rd7 Rc8 32. Kd3 Kg6 33. Ke4 Kh6 34. f4 Kg6 35. a4 Kh6 36. b4 Kg6 37. a5 Kh6 38. h4 Kg6 39. Bg5 Re8+ 40. Kf3 Bxa5 41. bxa5 f6 42. f5+ Kxf5 43. Bf4 1-0

[Event "Titled Tuesday intern op 01st Aug Late"]
[Site "Chess.com INT"]
[Date "2023.08.01"]
[Round "10"]
[White "Bold, Andre"]
[Black "Hacker, Jonas"]
[Result "0-1"]
[WhiteElo "2194"]
[BlackElo "2406"]
[PlyCount "62"]
[EventDate "2023.08.01"]
[EventType "swiss (blitz)"]
[EventRounds "11"]
[EventCountry "USA"]
[SourceTitle "EXT 2024"]
[Source "ChessBase"]
[SourceDate "2023.10.10"]
[SourceVersion "1"]
[SourceVersionDate "2023.10.10"]
[SourceQuality "1"]

1. d4 Nf6 2. Nc3 d5 3. Bf4 c5 4. e3 cxd4 5. exd4 a6 6. Nf3 Nc6 7. Ne5 Qb6 8. Nxc6 Qxc6 9. Bd3 Bg4 10. Ne2 Bh5 11. 0-0 e6 12. c3 Bg6 13. Be5 Be7 14. Nf4 Bxd3 15. Nxd3 0-0 16. a4 Nd7 17. Qh5 Bf6 18. Bf4 g6 19. Qf3 Bg7 20. h4 h5 21. Bg5 Rfe8 22. Rfe1 e5 23. dxe5 Nxe5 24. Nxe5 Bxe5 25. Rad1 d4 26. Qxc6 bxc6 27. cxd4 Bg7 28. Rxe8+ Rxe8 29. d5 cxd5 30. Rxd5 Bxb2 31. Rd6 Re1+ 0-1

[Event "Titled Tuesday intern op 01st Aug Late"]
[Site "Chess.com INT"]
[Date "2023.08.01"]
[Round "4"]
[White "Bressy, Theo"]
[Black "Hacker, Jonas"]
[Result "1-0"]
[WhiteElo "2183"]
[BlackElo "2406"]
[PlyCount "71"]
[EventDate "2023.08.01"]
[EventType "swiss (blitz)"]
[EventRounds "11"]
[EventCountry "USA"]
[SourceTitle "EXT 2024"]
[Source "ChessBase"]
[SourceDate "2023.10.10"]
[SourceVersion "1"]
[SourceVersionDate "2023.10.10"]
[SourceQuality "1"]

1. e4 e5 2. Nf3 Nc6 3. d4 exd4 4. Bc4 Nf6 5. 0-0 Nxe4 6. Re1 d5 7. Bxd5 Qxd5 8. Nc3 Qd7 9. Nxe4 Be7 10. Bg5 0-0 11. Bxe7 Qxe7 12. Nxd4 Bd7 13. Nc3 Qd8 14. Nb3 Bf5 15. Nd5 Be6 16. Ne3 Qxd1 17. Raxd1 Rad8 18. Nc5 Bc8 19. c3 b6 20. Nd3 Ba6 21. Nf4 g6 22. Nfd5 Rc8 23. b4 Kg7 24. a4 Bb7 25. Nc4 Rfd8 26. Nce3 Ne5 27. f4 Nc4 28. Kf2 Nxe3 29. Nxe3 c5 30. b5 h6 31. g3 a6 32. Nc4 axb5 33. axb5 Rxd1 34. Rxd1 Be4 35. Nd6 Rd8 36. Nf5+ 1-0

[Event "Titled Tuesday intern op 01st Aug Late"]
[Site "Chess.com INT"]
[Date "2023.08.01"]
[Round "9"]
[White "Estrada Nieto, Julian"]
[Black "Hacker, Jonas"]
[Result "1-0"]
[WhiteElo "2217"]
[BlackElo "2406"]
[PlyCount "147"]
[EventDate "2023.08.01"]
[EventType "swiss (blitz)"]
[EventRounds "11"]
[EventCountry "USA"]
[SourceTitle "EXT 2024"]
[Source "ChessBase"]
[SourceDate "2023.10.10"]
[SourceVersion "1"]
[SourceVersionDate "2023.10.10"]
[SourceQuality "1"]

1. e4 c5 2. Nf3 e6 3. c3 Nf6 4. e5 Nd5 5. Bc4 d6 6. d4 cxd4 7. cxd4 Be7 8. 0-0 0-0 9. Qe2 b6 10. Bd2 Bb7 11. Nc3 Nxc3 12. Bxc3 d5 13. Bd3 Nc6 14. a3 Na5 15. Bxa5 bxa5 16. Rac1 Qb6 17. Rc3 Rac8 18. Rfc1 Rxc3 19. Rxc3 h6 20. Qc2 Rb8 21. Rb3 Qd8 22. g3 Ba8 23. Nd2 Rxb3 24. Qxb3 Qb6 25. Qxb6 axb6 26. Bb5 f6 27. Nf3 Kf7 28. Kf1 Bb7 29. Ke2 Bd8 30. Ke3 Bc7 31. h4 Bc8 32. h5 Ke7 33. g4 Kf7 34. Kf4 Ke7 35. Ke3 Kf7 36. exf6 gxf6 37. Bc6 Ba6 38. Nd2 Bh2 39. b4 axb4 40. axb4 Bc4 41. b5 Ba2 42. Nf3 Bd6 43. Nh4 Bc7 44. Ng6 Bd6 45. f4 Ba3 46. Bd7 Bb1 47. Nh4 Bc1+ 48. Kf3 Ke7 49. Bc6 Be4+ 50. Kg3 Be3 51. Ng6+ Kf7 52. Nh8+ Kg7 53. Ng6 Bxg6 54. hxg6 Kxg6 55. f5+ exf5 56. gxf5+ Kxf5 57. Bxd5 Bxd4 58. Bc6 Kg5 59. Bd7 f5 60. Kf3 h5 61. Bc8 h4 62. Kg2 Kg4 63. Bd7 h3+ 64. Kh2 Be5+ 65. Kh1 Kf4 66. Kh2 Kg4+ 67. Kh1 h2 68. Bc6 Kf4 69. Bd5 Ke3 70. Bc6 Bg3 71. Kg2 f4 72. Bb7 Kd4 73. Kh1 Kc5 74. Bc6 1-0

[Event "Copenhagen Obro CXU op"]
[Site "Copenhagen"]
[Date "2023.07.27"]
[Round "6"]
[White "Hacker, Jonas"]
[Black "Hansen, Soren Bech"]
[Result "1-0"]
[WhiteElo "2406"]
[BlackElo "2208"]
[PlyCount "79"]
[EventDate "2023.07.24"]
[EventType "swiss"]
[EventRounds "9"]
[EventCountry "DEN"]
[SourceTitle "CBM 215 Extra"]
[Source "ChessBase"]
[SourceDate "2023.09.30"]
[SourceVersion "1"]
[SourceVersionDate "2023.09.30"]
[SourceQuality "1"]

1. e4 c5 2. Nf3 Nc6 3. Bb5 g6 4. 0-0 Bg7 5. Bxc6 dxc6 6. h3 Nf6 7. Nc3 0-0 8. Re1 Re8 9. e5 Nd5 10. Ne4 b6 11. d3 Nc7 12. Bd2 Be6 13. Qc1 Qd5 14. Bh6 Bh8 15. Qf4 c4 16. dxc4 Qxc4 17. c3 Rad8 18. b3 Qd5 19. Qh4 Bf5 20. Ng3 Bc8 21. Bg5 Rd7 22. c4 Qd3 23. Re3 Qc2 24. Re2 Qc3 25. Rc1 Qb4 26. Bd2 Qa3 27. Ng5 h5 28. Nxh5 f6 29. Qe4 f5 30. Qxc6 e6 31. Nf6+ Bxf6 32. exf6 Rxd2 33. f7+ Kg7 34. fxe8N+ Nxe8 35. Ree1 Bd7 36. Nxe6+ Kf6 37. Qf3 Qxa2 38. Qc3+ Ke7 39. Nd4+ Kd8 40. Ra1 1-0

[Event "Copenhagen Obro CXU op"]
[Site "Copenhagen"]
[Date "2023.07.25"]
[Round "3"]
[White "Westrum, Kim Roger Hansen"]
[Black "Hacker, Jonas"]
[Result "0-1"]
[WhiteElo "2106"]
[BlackElo "2406"]
[PlyCount "80"]
[EventDate "2023.07.24"]
[EventType "swiss"]
[EventRounds "9"]
[EventCountry "DEN"]
[SourceTitle "CBM 215 Extra"]
[Source "ChessBase"]
[SourceDate "2023.09.30"]
[SourceVersion "1"]
[SourceVersionDate "2023.09.30"]
[SourceQuality "1"]

1. e4 c5 2. Nf3 e6 3. d4 cxd4 4. Nxd4 Nc6 5. Nc3 Qc7 6. Ndb5 Qb8 7. Be3 a6 8. Bb6 axb5 9. Nxb5 Bb4+ 10. c3 Ba5 11. Nd6+ Qxd6 12. Qxd6 Bxb6 13. Bd3 Nf6 14. a4 Bd8 15. Qg3 Nh5 16. Qe3 Bc7 17. g3 0-0 18. f4 Nf6 19. h3 e5 20. f5 d5 21. g4 d4 22. Qf3 dxc3 23. bxc3 Ba5 24. Ra3 Nd7 25. g5 Nd4 26. Qh5 Nc5 27. Bb1 Ndb3 28. 0-0 Nd2 29. Ba2 Ncxe4 30. g6 Nf6 31. gxf7+ Kh8 32. Qg5 Bb6+ 33. Kg2 Nxf1 34. Kxf1 Bc5 35. Rb3 Rxf7 36. Rb6 Bxb6 37. Bxf7 Bd7 38. Qg3 Rf8 39. Bb3 Bxf5 40. Qxe5 Bxh3+ 0-1

[Event "Munich Pfingst op-A 1st"]
[Site "Munich"]
[Date "2023.06.03"]
[Round "5"]
[White "Hacker, Jonas"]
[Black "Peycheva, Gergana"]
[Result "1/2-1/2"]
[WhiteElo "2435"]
[BlackElo "2218"]
[PlyCount "135"]
[EventDate "2023.05.31"]
[EventType "swiss"]
[EventRounds "9"]
[EventCountry "GER"]
[SourceTitle "CBM 214 Extra"]
[Source "ChessBase"]
[SourceDate "2023.07.31"]
[SourceVersion "1"]
[SourceVersionDate "2023.07.31"]
[SourceQuality "1"]

1. e4 c6 2. d4 d5 3. e5 c5 4. Nf3 e6 5. c3 Nc6 6. Be2 f6 7. 0-0 fxe5 8. dxe5 Qc7 9. Bf4 Nge7 10. Bd3 g6 11. Re1 Bg7 12. Nbd2 0-0 13. Bg3 c4 14. Bc2 Bd7 15. Nf1 b5 16. Ne3 Qb6 17. Ng4 Nf5 18. Bxf5 gxf5 19. Nf6+ Bxf6 20. exf6 Rxf6 21. Ne5 Nxe5 22. Bxe5 Rg6 23. Re3 Rf8 24. Rg3 Be8 25. Qd2 Qb7 26. Qf4 Rxg3 27. Qxg3+ Bg6 28. Qf4 Kf7 29. Re1 Re8 30. h4 h5 31. Re3 Rg8 32. Rg3 Ke8 33. Bd4 Bf7 34. Re3 Kd7 35. Qh6 Kc7 36. a3 Kb8 37. Rg3 Qc8 38. Rg5 Qe8 39. Qf6 Kb7 40. Qe5 Qb8 41. Qe3 Ka6 42. Be5 Qb6 43. Qg3 Rxg5 44. hxg5 Bg6 45. Bd4 Qc6 46. Qe5 Qd7 47. Qf6 Qe8 48. Qe5 Qd7 49. Kf1 Kb7 50. Qf6 Qe8 51. Ke2 Qf7 52. Ke3 Kc6 53. Kf4 Qxf6 54. gxf6 Bf7 55. g3 Kd7 56. Bxa7 Ke8 57. Bc5 Bg8 58. Kg5 e5 59. Kxf5 e4 60. Kg6 Bf7+ 61. Kh6 Kd7 62. Kg7 Ke6 63. Be3 Be8 64. Bd4 Bf7 65. Kh6 Kf5 66. Kh7 Ke6 67. Kh8 Kf5 68. Kg7 1/2-1/2

[Event "Munich Pfingst op-A 1st"]
[Site "Munich"]
[Date "2023.06.03"]
[Round "4"]
[White "Perkampus, Laurin"]
[Black "Hacker, Jonas"]
[Result "1-0"]
[WhiteElo "2165"]
[BlackElo "2435"]
[PlyCount "94"]
[EventDate "2023.05.31"]
[EventType "swiss"]
[EventRounds "9"]
[EventCountry "GER"]
[SourceTitle "CBM 214 Extra"]
[Source "ChessBase"]
[SourceDate "2023.07.31"]
[SourceVersion "1"]
[SourceVersionDate "2023.07.31"]
[SourceQuality "1"]

1. d4 Nf6 2. c4 e6 3. Nc3 c5 4. d5 exd5 5. cxd5 d6 6. Nf3 g6 7. e4 a6 8. h3 b5 9. Bd3 Bg7 10. 0-0 0-0 11. a3 Nbd7 12. Re1 Qe7 13. Bf4 Nh5 14. Bh2 Ne5 15. Be2 Nf6 16. Nd2 g5 17. Nf3 Nfd7 18. Qd2 Nxf3+ 19. Bxf3 Be5 20. Bg4 Bxh2+ 21. Kxh2 Ne5 22. Bxc8 Raxc8 23. Ne2 Nc4 24. Qc1 Qe5+ 25. g3 Nxb2 26. f4 Qg7 27. Rf1 gxf4 28. gxf4 Kh8 29. Rg1 Qf6 30. e5 dxe5 31. Qxb2 Rfe8 32. Rg5 c4 33. Qc3 Rcd8 34. Rd1 a5 35. Rxe5 Rxe5 36. Qxe5 Qxe5 37. fxe5 b4 38. axb4 axb4 39. d6 c3 40. Nd4 Kg8 41. Nc6 Ra8 42. Nxb4 Kf8 43. d7 Rd8 44. Kg3 c2 45. Nxc2 Ke7 46. Nb4 Rxd7 47. Nc6+ Ke6 1-0

[Event "Helsingor Kronborg"]
[Site "Helsingor"]
[Date "2023.05.21"]
[Round "9"]
[White "Hacker, Jonas"]
[Black "Thorfinnsson, Bjorn"]
[Result "0-1"]
[WhiteElo "2435"]
[BlackElo "2364"]
[PlyCount "128"]
[EventDate "2023.05.17"]
[EventType "tourn"]
[EventRounds "9"]
[EventCountry "DEN"]
[EventCategory "7"]
[SourceTitle "EXT 2024"]
[Source "ChessBase"]
[SourceDate "2023.10.10"]
[SourceVersion "1"]
[SourceVersionDate "2023.10.10"]
[SourceQuality "1"]

1. e4 e5 2. Nf3 Nc6 3. Bc4 Nf6 4. Ng5 d5 5. exd5 Na5 6. Bb5+ c6 7. dxc6 bxc6 8. Bd3 Bd6 9. Ne4 Nxe4 10. Bxe4 f5 11. Bf3 e4 12. Bh5+ g6 13. d3 gxh5 14. Qxh5+ Kf8 15. Bg5 Qc7 16. Bh6+ Ke7 17. Bg5+ Kf8 18. Nc3 Be5 19. Bh6+ Bg7 20. dxe4 Bxh6 21. Qxh6+ Qg7 22. Qf4 Rg8 23. exf5 Qg5 24. Qb4+ Qe7+ 25. Qxe7+ Kxe7 26. g3 Bxf5 27. 0-0-0 Rad8 28. Rhe1+ Kf6 29. Ne4+ Bxe4 30. Rxe4 Rxd1+ 31. Kxd1 Rd8+ 32. Kc1 c5 33. Rh4 Rd7 34. Rh5 Nb7 35. f4 Ke6 36. g4 Kd6 37. h4 Rf7 38. f5 Ke5 39. b3 Kf4 40. Rg5 Nd6 41. Rg8 Ne4 42. Kb2 Nf6 43. Rc8 Kxg4 44. Rxc5 Kxh4 45. a4 h5 46. b4 Kg3 47. Rc3+ Kg2 48. Rc4 Rh7 49. Rc6 Rh6 50. b5 h4 51. a5 h3 52. b6 axb6 53. axb6 Rh8 54. b7 Nd7 55. Rc8 Rh6 56. f6 h2 57. b8Q Nxb8 58. Rxb8 Rxf6 59. Rg8+ Kf1 60. Rh8 Rf2 61. Kc3 Kg1 62. Kd3 h1Q 63. Rxh1+ Kxh1 64. c4 Rf4 0-1

[Event "Helsingor Kronborg"]
[Site "Helsingor"]
[Date "2023.05.19"]
[Round "6"]
[White "Blomqvist, Erik"]
[Black "Hacker, Jonas"]
[Result "1-0"]
[WhiteElo "2521"]
[BlackElo "2435"]
[PlyCount "53"]
[EventDate "2023.05.17"]
[EventType "tourn"]
[EventRounds "9"]
[EventCountry "DEN"]
[EventCategory "7"]
[SourceTitle "EXT 2024"]
[Source "ChessBase"]
[SourceDate "2023.10.10"]
[SourceVersion "1"]
[SourceVersionDate "2023.10.10"]
[SourceQuality "1"]

1. d4 Nf6 2. Nf3 e6 3. Bf4 d5 4. e3 Bd6 5. Ne5 0-0 6. Nd2 c5 7. c3 Qc7 8. Bd3 Nc6 9. Ndf3 b6 10. h4 Bb7 11. h5 Ne4 12. h6 g6 13. Nxc6 Bxf4 14. exf4 Bxc6 15. Qc1 Bb7 16. Qe3 cxd4 17. Nxd4 Nc5 18. Bc2 Bc6 19. 0-0-0 Bd7 20. Rhe1 a5 21. Kb1 b5 22. f5 Rae8 23. fxg6 fxg6 24. Nf3 Bc8 25. Ng5 Qf4 26. Qxf4 Rxf4 27. Rxd5 1-0

[Event "Helsingor Kronborg"]
[Site "Helsingor"]
[Date "2023.05.19"]
[Round "5"]
[White "Manu David, Suthandram R"]
[Black "Hacker, Jonas"]
[Result "1/2-1/2"]
[WhiteElo "2332"]
[BlackElo "2435"]
[PlyCount "57"]
[EventDate "2023.05.17"]
[EventType "tourn"]
[EventRounds "9"]
[EventCountry "DEN"]
[EventCategory "7"]
[SourceTitle "EXT 2024"]
[Source "ChessBase"]
[SourceDate "2023.10.10"]
[SourceVersion "1"]
[SourceVersionDate "2023.10.10"]
[SourceQuality "1"]

1. e4 c5 2. Nf3 e6 3. c3 Nf6 4. e5 Nd5 5. d4 cxd4 6. cxd4 d6 7. exd6 Bxd6 8. Nc3 Nxc3 9. bxc3 Qc7 10. Bd2 Nd7 11. Bd3 Bf4 12. Bxf4 Qxf4 13. Qb1 h6 14. Qb4 Qf6 15. Bb5 Qe7 16. Bxd7+ Qxd7 17. Ne5 Qe7 18. Qb5+ Kf8 19. 0-0 g6 20. Rfe1 Kg7 21. Qd3 Rf8 22. c4 Qg5 23. Re3 b6 24. Rg3 Qf5 25. Qa3 Qf6 26. Qc3 Kh7 27. Rd1 Qg7 28. Qf3 Ba6 29. Qc6 1/2-1/2

[Event "Helsingor Kronborg"]
[Site "Helsingor"]
[Date "2023.05.18"]
[Round "4"]
[White "Hacker, Jonas"]
[Black "Kazakouski, Valery"]
[Result "0-1"]
[WhiteElo "2435"]
[BlackElo "2524"]
[PlyCount "142"]
[EventDate "2023.05.17"]
[EventType "tourn"]
[EventRounds "9"]
[EventCountry "DEN"]
[EventCategory "7"]
[SourceTitle "EXT 2024"]
[Source "ChessBase"]
[SourceDate "2023.10.10"]
[SourceVersion "1"]
[SourceVersionDate "2023.10.10"]
[SourceQuality "1"]

1. c4 e5 2. Nc3 Nf6 3. Nf3 Nc6 4. e3 Bb4 5. Qc2 Bxc3 6. Qxc3 Qe7 7. d4 e4 8. Ng1 d5 9. b3 a5 10. Ne2 Nb4 11. Nf4 g5 12. Nxd5 Nfxd5 13. cxd5 Nxd5 14. Qd2 Be6 15. a4 Qb4 16. Bc4 Rg8 17. 0-0 Qxd2 18. Bxd2 f5 19. Rfb1 Kd7 20. Bxd5 Bxd5 21. b4 axb4 22. Rxb4 Ra6 23. Rb5 Ke6 24. a5 Rc6 25. Rb2 Ra8 26. Rab1 Rc4 27. h3 h5 28. h4 gxh4 29. Kh2 Rg8 30. Rb4 Rc2 31. R4b2 Rxb2 32. Rxb2 Rg7 33. Bc3 Rg4 34. Bb4 f4 35. exf4 Rxf4 36. Rc2 Kd7 37. Be1 Rf5 38. Rc5 b6 39. axb6 cxb6 40. Rc2 Rf4 41. Rb2 Kc6 42. Rc2+ Kb7 43. Bb4 Be6 44. Bd6 Rf7 45. Be5 b5 46. Bd6 h3 47. gxh3 Rf3 48. Re2 Kc6 49. Be7 Rxh3+ 50. Kg2 Rd3 51. Bc5 h4 52. Kh2 Bf5 53. Rb2 Rh3+ 54. Kg2 Rf3 55. Ba7 Bh3+ 56. Kh2 Be6 57. Bc5 Bd5 58. Be7 h3 59. Bc5 Be6 60. Ba7 Rf7 61. Bb8 Rb7 62. Be5 b4 63. Rc2+ Kd7 64. d5 Bf5 65. Rd2 b3 66. Re2 Rb5 67. Rd2 Rc5 68. Kg3 Rc2 69. Rxc2 bxc2 70. Bf4 e3 71. Bxe3 Kd6 0-1

[Event "Fagernes op-A"]
[Site "Fagernes"]
[Date "2023.04.05"]
[Round "5"]
[White "Hacker, Jonas"]
[Black "Tanmay, Chopra"]
[Result "0-1"]
[WhiteElo "2455"]
[BlackElo "2351"]
[PlyCount "140"]
[EventDate "2023.04.02"]
[EventType "swiss"]
[EventRounds "9"]
[EventCountry "NOR"]
[SourceTitle "CBM 213 Extra"]
[Source "ChessBase"]
[SourceDate "2023.05.31"]
[SourceVersion "1"]
[SourceVersionDate "2023.05.31"]
[SourceQuality "1"]

1. c4 e5 2. Nc3 Nf6 3. Nf3 Nc6 4. e3 Bb4 5. Qc2 Bxc3 6. Qxc3 Qe7 7. d4 Ne4 8. Qd3 exd4 9. Nxd4 0-0 10. Be2 Qb4+ 11. Kf1 Qe7 12. f3 Nc5 13. Qc3 Nxd4 14. exd4 Re8 15. Qc2 Ne6 16. Be3 d6 17. d5 Nc5 18. Bf2 Bf5 19. Qd2 Qf6 20. Re1 a5 21. b3 h5 22. h4 Rxe2 23. Rxe2 Bd3 24. Bxc5 Qa1+ 25. Kf2 Qxh1 26. Qxd3 Qxh4+ 27. Kg1 dxc5 28. a4 g6 29. Re4 Qf6 30. Qe3 b6 31. Re7 Rc8 32. Kh2 Kf8 33. Re4 c6 34. Kg1 Rd8 35. Re5 cxd5 36. cxd5 Qh4 37. d6 Qd4 38. Qxd4 cxd4 39. Rd5 f6 40. Rxd4 Kf7 41. Rd5 Ke6 42. Rb5 Rxd6 43. b4 axb4 44. Rxb4 Kd5 45. Kf2 Kc5 46. Rb5+ Kc6 47. Rb4 Rd2+ 48. Kg3 g5 49. Kh3 Rd5 50. Kg3 Rf5 51. Rc4+ Kb7 52. Re4 Ka6 53. Re8 Rf4 54. Ra8+ Kb7 55. Rf8 h4+ 56. Kh3 Ka7 57. Rf7+ Ka6 58. Rf8 f5 59. Kh2 Rxa4 60. Rxf5 Ra5 61. Rf6 Rc5 62. Kh3 Ka5 63. Kg4 b5 64. Rf8 b4 65. f4 gxf4 66. Rxf4 b3 67. Kxh4 b2 68. Rf1 Rc1 69. Rf5+ Kb6 70. Rf6+ Kc7 0-1

[Event "Budapest SixDays 01 GM"]
[Site "Budapest"]
[Date "2023.01.27"]
[Round "7"]
[White "Kozak, Adam"]
[Black "Hacker, Jonas"]
[Result "1/2-1/2"]
[WhiteElo "2558"]
[BlackElo "2446"]
[PlyCount "128"]
[EventDate "2023.01.23"]
[EventType "tourn"]
[EventRounds "9"]
[EventCountry "HUN"]
[EventCategory "9"]
[SourceTitle "CBM 212 Extra"]
[Source "ChessBase"]
[SourceDate "2023.03.31"]
[SourceVersion "1"]
[SourceVersionDate "2023.03.31"]
[SourceQuality "1"]

1. e4 c5 2. Nf3 e6 3. d4 cxd4 4. Nxd4 Nc6 5. Nc3 Qc7 6. Be3 a6 7. a3 b5 8. Nxc6 Qxc6 9. h4 b4 10. axb4 Bxb4 11. Qd4 Bxc3+ 12. Qxc3 Qxc3+ 13. bxc3 Nf6 14. Bd3 Bb7 15. f3 0-0 16. Kd2 a5 17. Bb5 Rfc8 18. Rhb1 Bc6 19. c4 Ne8 20. Kd3 f6 21. Ra4 Nd6 22. Bd2 Kf7 23. Rxa5 Rxa5 24. Bxa5 h5 25. Rb3 Ke8 26. Bc3 Kf7 27. Bd4 e5 28. Be3 Ke8 29. Bf2 Kf7 30. Bb6 Ke8 31. Bf2 Kf7 32. Be3 Ke8 33. Bd2 Kf7 34. Bc1 Ke6 35. Ba3 Ne8 36. Bb4 Nd6 37. Bxc6 Rxc6 38. c5 Nb7 39. Kc4 Rc8 40. Ra3 Nd8 41. Bd2 Nc6 42. Be3 Rb8 43. Ra1 Rb4+ 44. Kc3 Rb8 45. g3 Rg8 46. Kd3 Rb8 47. Kd2 Rc8 48. c3 Rb8 49. Kc2 Rb7 50. f4 Rb8 51. fxe5 Nxe5 52. Ra6+ Nc6 53. Bf4 Rg8 54. Ra1 g5 55. hxg5 fxg5 56. Bc7 h4 57. Rh1 Rh8 58. gxh4 gxh4 59. Rh3 Ne5 60. Kd2 Rh5 61. Ke3 Ng4+ 62. Kf3 Rxc5 63. Kxg4 Rxc7 64. Rxh4 Rxc3 1/2-1/2

[Event "BL2-Sued 2223"]
[Site "Germany"]
[Date "2022.11.27"]
[Round "4.3"]
[White "Stijve, Theo"]
[Black "Hacker, Jonas"]
[Result "1-0"]
[WhiteElo "2356"]
[BlackElo "2461"]
[PlyCount "105"]
[EventDate "2022.10.22"]
[EventType "team-tourn"]
[EventRounds "9"]
[EventCountry "GER"]
[SourceTitle "EXT 2024"]
[Source "ChessBase"]
[SourceDate "2023.10.10"]
[SourceVersion "1"]
[SourceVersionDate "2023.10.10"]
[SourceQuality "1"]
[WhiteTeam "Heilbronn"]
[BlackTeam "Eppingen"]
[WhiteTeamCountry "GER"]
[BlackTeamCountry "GER"]

1. e4 c5 2. Nf3 e6 3. d4 cxd4 4. Nxd4 a6 5. h3 b6 6. Bd3 Bb7 7. 0-0 Qc7 8. c4 Nc6 9. Nxc6 Bxc6 10. Nc3 Nf6 11. Qe2 Bd6 12. Nd5 Bxd5 13. cxd5 0-0 14. Bg5 Bf4 15. Bxf6 gxf6 16. Bxa6 Qe5 17. Bc4 Rac8 18. b3 f5 19. g3 Bh6 20. Qh5 Bg7 21. exf5 Qxf5 22. Qxf5 exf5 23. Rae1 f4 24. gxf4 d6 25. Kg2 Bb2 26. a4 Kg7 27. Re7 Bc3 28. Rd1 Rfe8 29. Rb7 Rb8 30. Rxb8 Rxb8 31. Bb5 Rc8 32. Bc6 Kf6 33. Kf3 h6 34. Rc1 Bb2 35. Rc4 Ba3 36. b4 b5 37. axb5 Rb8 38. Ke4 Ke7 39. Kd3 Bb2 40. Re4+ Kf8 41. Kc4 Bf6 42. Kb3 Bh4 43. Re2 Bf6 44. Ka4 Bd4 45. Ka5 Bb6+ 46. Ka6 Bd4 47. Bb7 Re8 48. Rc2 Re1 49. b6 Rb1 50. Kb5 Ke7 51. Bc6 Bc5 52. Rxc5 dxc5 53. b7 1-0